Zníženie počtu zákazníckych reklamácií na úseku logistiky vo vybranej organizácii

Saved in:
Bibliographic Details
Main Author: Srnánková, Elena (Author)
Other Authors: Václav, Ľuboš (Thesis advisor)
Format: Manuscript Book
Language:Slovak
Published: 2016
Subjects:
Online Access:http://is.stuba.sk/zp/portal_zp.pl?podrobnosti=119096
Tags: Add Tag
No Tags, Be the first to tag this record!

MARC

LEADER 00000ntm a22000003a 4500
001 stuzp57845
003 SK-STU
005 20160719155400.2
007 ta
008 150427s2015----xo-----f-mn---000-0-slo-d
040 |a STU  |b slo 
041 0 |a slo 
100 1 |a Srnánková, Elena  |u 064000  |k Z4  |4 aut  |U MTF Materiálovotechnologická fakulta  |T MTF Ústav priemyselného inžinierstva a manažmentu  |X 62363  |U M4000  |Y 84  |7 A000062363 
242 0 1 |a Reducing the number of customer complaints in the field of logistics in the selected company  |y eng 
245 1 0 |a Zníženie počtu zákazníckych reklamácií na úseku logistiky vo vybranej organizácii 
260 |c 2016 
650 4 |a kvalita  |2 slo 
650 4 |a reklamácie  |2 slo 
650 4 |a zákazníci  |2 slo 
650 4 |a quality  |2 eng 
650 4 |a complaints  |2 eng 
650 4 |a customers  |2 eng 
700 1 |a Václav, Ľuboš  |4 ths  |X 69710  |7 A000069710 
856 4 |u http://is.stuba.sk/zp/portal_zp.pl?podrobnosti=119096 
996 |c M* DP-12910  |l MMSKP  |s P  |a 0  |w stuzp57845_0001 
SQL |a stuzp57845  |b DDP  |c SLO  |d Zníženie počtu zákazníckych reklamácií na úseku logistiky vo vybranej organizácii  |e 62363  |f Srnánková, Elena  |g 064000  |h 69710  |i Václav, Ľuboš  |j 20160608  |k 183  |l 06  |m http://is.stuba.sk/zp/portal_zp.pl?podrobnosti=119096  |n I-IKP  |o 5.2.57. kvalita produkcie